Optics and photonics (Record no. 17087)

MARC details
000 -LEADER
fixed length control field 00671nam a2200241Ia 4500
003 - CONTROL NUMBER IDENTIFIER
control field IN-BaIIA
008 - FIXED-LENGTH DATA ELEMENTS--GENERAL INFORMATION
fixed length control field 211028s9999 xx 000 0 eng d
020 ## - INTERNATIONAL STANDARD BOOK NUMBER
International Standard Book Number 978-0-470-01784-5
040 ## - CATALOGING SOURCE
Transcribing agency IIA Library
080 ## - UNIVERSAL DECIMAL CLASSIFICATION NUMBER
Universal Decimal Classification number 535
Item number SMI
100 ## - MAIN ENTRY--PERSONAL NAME
Personal name Graham-Smith, F
9 (RLIN) 16939
245 #0 - TITLE STATEMENT
Title Optics and photonics
Remainder of title an introduction
Statement of responsibility, etc. F. Graham Smith and Terry A. King.
250 ## - EDITION STATEMENT
Edition statement 2nd ed.
260 ## - PUBLICATION, DISTRIBUTION, ETC.
Place of publication, distribution, etc. Chichester
Name of publisher, distributor, etc. John Wiley & Sons
Date of publication, distribution, etc. 2007
300 ## - PHYSICAL DESCRIPTION
Extent x, 506p.
650 ## - SUBJECT ADDED ENTRY--TOPICAL TERM
Topical term or geographic name entry element Geomatric optics
9 (RLIN) 32143
650 ## - SUBJECT ADDED ENTRY--TOPICAL TERM
Topical term or geographic name entry element Light - properties
9 (RLIN) 32144
650 ## - SUBJECT ADDED ENTRY--TOPICAL TERM
Topical term or geographic name entry element Optics
650 ## - SUBJECT ADDED ENTRY--TOPICAL TERM
Topical term or geographic name entry element Photonics
9 (RLIN) 11083
700 ## - ADDED ENTRY--PERSONAL NAME
Personal name King, T. A
9 (RLIN) 27045
700 ## - ADDED ENTRY--PERSONAL NAME
Personal name Wilkins, D
9 (RLIN) 32145
942 ## - ADDED ENTRY ELEMENTS (KOHA)
Koha item type Books
Holdings
Withdrawn status Lost status Damaged status Not for loan Home library Current library Shelving location Date acquired Source of acquisition Cost, normal purchase price Total Checkouts Full call number Barcode Date last seen Date last checked out Cost, replacement price Price effective from Koha item type Purchase Price
        IIA Library-Bangalore IIA Library-Bangalore General Stacks 16/10/2008 BSS 7680.00 1 535/ SMI 18009 26/07/2022 07/06/2022 7680.00 16/10/2008 Books Rs. 7680.00

Powered by Koha